[Event "IND-chT 40th"]
[Site "Ahmedabad"]
[Date "2020.02.07"]
[Round "1.6"]
[White "Laxman, Rajaram"]
[Black "Roshin, Romario"]
[Result "1-0"]
[WhiteElo "2432"]
[BlackElo "1592"]
[PlyCount "59"]
[EventDate "2020.02.07"]
[EventType "team-swiss"]
[EventRounds "9"]
[EventCountry "IND"]
[SourceTitle "CBM 194 Extra"]
[Source "ChessBase"]
[SourceDate "2020.03.31"]
[SourceVersion "1"]
[SourceVersionDate "2020.03.31"]
[SourceQuality "1"]
[WhiteTeam "Railways SPB II"]
[BlackTeam "Services SCB"]
[WhiteTeamCountry "IND"]
[BlackTeamCountry "IND"]

1. d4 Nf6 2. Nf3 g6 3. g3 Bg7 4. Bg2 0-0 5. 0-0 d6 6. Re1 Nbd7 7. e4 e5 8. Nc3 Re8 9. h3 c6 10. a4 Qe7 11. a5 Nf8 12. Be3 h6 13. Qd2 Kh7 14. Red1 Ne6 15. d5 cxd5 16. exd5 Nc5 17. Nb5 Qd7 18. Qe2 a6 19. Nc3 Qc7 20. Nd2 Rb8 21. Nc4 Ncd7 22. Na4 Ng8 23. Ra3 f5 24. Nab6 Rf8 25. Rc3 e4 26. Ne5 Qd8 27. Rxc8 Rxc8 28. Nexd7 Re8 29. Nxc8 Qxc8 30. Nb6 1-0